Nadnárodní harmonizace účetnictví
Dokončenie z č. 4/2004. Súčasná česká legislatíva v oblasti štátnych dotácií (vyhláška č. 500/2002). Dotácie poskytnuté na úhradu nákladov. Dotácie poskytnuté na zaobstaranie majetku a dotácie na úhradu úrokov. Porovnanie riešenia štátnych dotácií podľa IAS a podľa českej úpravy.
Salvato in:
| Autore principale: | |
|---|---|
| Natura: | Capitolo di libro |
| Lingua: | ceco |
| Soggetti: | |
| Tags: |
Nessun Tag, puoi essere il primo ad aggiungerne!!
|
MARC
| LEADER | 00000naa$a2200000$$$4500 | ||
|---|---|---|---|
| 001 | 0010739 | ||
| 005 | 20230913112040.8 | ||
| 041 | 0 | |a cze | |
| 044 | |a CZ | ||
| 245 | 1 | 0 | |a Nadnárodní harmonizace účetnictví |c aut. Václav Černý |
| 520 | |a Dokončenie z č. 4/2004. Súčasná česká legislatíva v oblasti štátnych dotácií (vyhláška č. 500/2002). Dotácie poskytnuté na úhradu nákladov. Dotácie poskytnuté na zaobstaranie majetku a dotácie na úhradu úrokov. Porovnanie riešenia štátnych dotácií podľa IAS a podľa českej úpravy. | ||
| 610 | 2 | 0 | |a účtovníctvo |
| 610 | 2 | 0 | |a účtovníctvo medzinárodné |
| 610 | 2 | 0 | |a štandardy účtovné medzinárodné |
| 610 | 2 | 0 | |a dotácie štátne |
| 610 | 2 | 0 | |a podpora podnikania |
| 610 | 2 | 0 | |a IAS 20 |
| 610 | 2 | 0 | |a IAS/IFRS |
| 100 | 1 | |a Černý, Václav | |